000 00644nam a2200229Ia 4500
003 OSt
005 20220926013700.0
006 a|||||r|||| 00| 0
007 ta
008 220923b |||||||| |||| 00| 0 eng d
020 _a0 471 067415
037 _cGeneral Book
040 _aRTL
_cRTL
_beng
041 _2eng
_aeng
082 _aU.5.N7, J8;L7
100 _aHoffman George W Ed.
_9236008
245 0 _aGeography of Europe
_b Problems and prospects
260 _aNew York
_bJohn Wiley
_c1953
300 _aix,573p.
_ccm.
942 _hU.5.N7, J8;L7
_cGB
_2CC
999 _c626556
_d626556